000 00888nam a22002537a 4500
003 0
005 20180804114130.0
008 0
010 _aB-168452
020 _c1100.00
_a9781591580928
035 _aB-168452, B-168453
037 _bCen Lib/Ret
040 _aDPL
_bEN
_c0
082 _a025.02
_bINN
245 _aInnovative redesign and reorganization of library technical services :
_cedited by Bradford Lee Eden
_bpathes for the future and case studies /
260 _aWestport
_bLibraries Unlimited
_c2005
270 _aLibraries Unlimited, 88 Post Road West Westport CT 06881
_bWestport
300 _axii, 480p.
_c22cm (pbk)
500 _aIncludes index
650 _aTechnical services (libraries)-management
_92868
650 _aTechnical services (libraries)-case studies
_92869
700 _aEden,Bradford Lee
_92364
942 _2ddc
_cEN
_h025.02
_mINN
999 _c122883
_d122883